01434nam a22002657a 450000500170000000800410001702000150005804000090007304100080008208200210009010000290011124500390014026000370017930000290021636500430024544000100028852006110029865000290090965000300093865000170096870000310098594200120101699900190102895201210104720220331114401.0220331b ||||| |||| 00| 0 eng d a8185402345 cAloy aeng 223a328.54bKASH aSubhash C Kashyap926952 aHistory of the parliament of India aDelhibShipra Publicationsc1994 axx,318 p.bHBc24x16 cm. 2Political Scienceb350.00c₹d350.00 vVol 2 aThese six volumes objectively trace and authoritatively narrate the fascinating story of representative parliamentary institutions in India and presents a History of the Parliament of India from the earliest beginning to Tenth Lok Sabha. Dr. Shankar Dayal Sharma’s opinion, “… pains taking work which is useful addition….”; the Tribune (Review), “… a mine of information…should become a singular contribution in this field”; Journal of Legislative Studies, U.K. (Review), “very penetrating analysis…an epitome of knowledge in a field of sparse literature….” (First Published 1995) aPolitical Science926934 aLegislative Bodies926935 aIndia926936 aKASHYAP (Subhash C)926937 2ddccGF c222117d222117 00102ddc40708PSaALbALd2013-03-24l1m1o328.54 KASHpGF00336r2024-07-19 00:00:00s2024-04-05w2022-03-31yGF